| 000 | 00524nam a22001817a 4500 | ||
|---|---|---|---|
| 003 | CEME | ||
| 005 | 20210628210235.0 | ||
| 008 | 210215b xxu||||| |||| 00| 0 eng d | ||
| 020 | _a0-07-068029-9 | ||
| 040 | _c. | ||
| 082 | _a338.8 WAL | ||
| 100 |
_aWalters, Stephen J. K _978688 |
||
| 245 | _aEnterprise government and the public | ||
| 260 |
_aNEW YORK _bMCGRAW HILL _c1993 |
||
| 300 | _a589P | ||
| 650 |
_aPRICING-GOVERNMENT POLICY MONOPOLIES-GOVERNMENT POLICY COMPETITION TRADE REGULATION _978689 |
||
| 942 |
_cBK _2ddc |
||
| 999 |
_c583790 _d583790 |
||